header

Prescription for heterosexuality (Record no. 142704)

MARC details
000 -LEADER
fixed length control field 01495nam a2200337Ia 4500
082 04 - DEWEY DECIMAL CLASSIFICATION NUMBER
Classification number 306.76/4097309045
100 1# - MAIN ENTRY--AUTHOR NAME
Personal name Lewis, Carolyn Herbst.
245 10 - TITLE STATEMENT
Title Prescription for heterosexuality
260 ## - PUBLICATION, DISTRIBUTION, ETC. (IMPRINT)
Place of publication Chapel Hill :
Name of publisher University of North Carolina Press,
Year of publication c2010.
300 ## - PHYSICAL DESCRIPTION
Number of Pages xi, 228 p.
650 #0 - SUBJECT ADDED ENTRY--TOPICAL TERM
Topical Term Sex
Topical Term Heterosexuality
Topical Term Married people
Topical Term Citizenship
856 40 - ELECTRONIC LOCATION AND ACCESS
Uniform Resource Identifier http://site.ebrary.com/lib/rucke/Doc?id=10425400

No items available.

© 2026 Rongo University
Contact us: librarian | system librarian | Rongo university